|
|
|
|
| LEADER |
00000nam a22000007a 4500 |
| 005 |
20170902215742.0 |
| 007 |
cr|||| |||| |
| 008 |
170902s2015 es |||||s|||| 00||0 spa d |
| 020 |
|
|
|a 978-84-16608-06-5
|
| 035 |
|
|
|a 20495
|
| 040 |
|
|
|a vLex
|
| 090 |
|
|
|c 6889
|d 6889
|
| 100 |
1 |
|
|a Olmo Gascn̤, Ana Marta
|
| 245 |
1 |
2 |
|a El reclutamiento y la cesin̤ ilegal de trabajadores tras la alteracin̤ del sistema de intermediacin̤ laboral
|h [Recurso electrn̤ico] /
|c Ana Marta Olmo Gascn̤
|
| 256 |
|
|
|a Servicio en ln̕ea
|
| 260 |
|
|
|a Albacete:
|b Editorial Bomarzo,
|c 2015
|
| 300 |
|
|
|a 1 recurso electrn̤ico
|
| 506 |
1 |
|
|a Disponible solo en los productos indicados
|d vLex Global
|d vLex Global (Academic Edition, excluding Law Schools)
|d vLex Global (U.S. Academic Edition, Law Schools)
|d vLex Global (U.S. Academic Edition, excluding Law Schools)
|d vLex Global (Academic Edition, Law Schools)
|
| 650 |
0 |
4 |
|a Derecho Laboral y Seguridad Social
|z Espaą
|
| 740 |
0 |
|
|a vLex Libros (Servicio en ln̕ea)
|
| 856 |
4 |
0 |
|u http://vlex.com/source/reclutamiento-y-la-cesion-ilegal-de-trabajadores-tras-la-alteracion-del-sistema-de-intermediacion-laboral-20495
|z Acceso restringido
|
| 942 |
|
|
|c BOOK
|
| 999 |
0 |
|
|a Labor law and social security
|